00745nam a22001937a 450000500170000001000270001702000110004403500140005503500140006903700130008308200110009624501100010726000780021727000680029530000340036350000420039750500870043970000250052620230524172816.0 aENG-119916 ENG-137033 c140.00 aEN-103448 aEN-120565 bDBAD/PUB a230.35 aSai speaks about his childhood :ccompiled and edited by Suresh C. Bhatnagarbbased on Sai's discourses / aAndhra PradeshbSri Sathya Sai Sadhana Trust, Publications Divisionc2011 aPrasanthi Nilayam, Anantapur District, bAndhra Pradeshe515134 axxiii,365p. :c25cm(Hb)bill. a Includes bibliographical references  a A humble offering to bhagawan Sri Sathya Sai Baba on his 85th auspicious birthday aBhatnagar, Suresh C.